[Event "Spring Sectional A"]
[Site "Edmonton CAN"]
[Date "2002.06.16"]
[Round "5"]
[White "Gardner, Robert"]
[Black "Gomboc, Dave"]
[Result "1-0"]
[WhiteElo "2251"]
[BlackElo "1906"]
[PlyCount "91"]
[EventDate "2002.06.15"]
[EventType "tourn"]
[EventRounds "5"]
[EventCountry "CAN"]
[SourceDate "2003.08.17"]

1. f4 d5 2. g3 Nf6 3. Bg2 Nbd7 4. Nf3 g6 5. O-O Bg7 6. d3 b6 7. Nc3 Bb7 8. Qe1
c5 9. e4 dxe4 10. dxe4 O-O 11. e5 Nd5 12. Ng5 e6 13. Nxd5 Bxd5 14. Bxd5 exd5
15. e6 fxe6 16. Qxe6+ Kh8 17. Nf7+ Rxf7 18. Qxf7 Nf6 19. f5 Qe8 20. Qxe8+ Rxe8
21. Bg5 Ne4 22. f6 Nxg5 23. fxg7+ Kxg7 24. h4 Ne4 25. Rae1 Rf8 26. Rxf8 Kxf8
27. Kg2 Kf7 28. Re3 Kf6 29. Ra3 Ke5 30. Rxa7 Kd4 31. Kf3 b5 32. Rxh7 b4 33. Rg7
Nd2+ 34. Ke2 Nc4 35. Rxg6 Nxb2 36. h5 Kc3 37. h6 d4 38. h7 Kxc2 39. Rd6 d3+ 40.
Ke1 c4 41. h8=Q Kb1 42. Qb8 c3 43. Qxb4 c2 44. Rc6 Kxa2 45. Kd2 Kb1 46. g4 1-0

[Event "Spring Sectional A"]
[Site "Edmonton CAN"]
[Date "2002.06.16"]
[Round "5"]
[White "Meharg, Bruce"]
[Black "Clark, Alan"]
[Result "1/2-1/2"]
[WhiteElo "1885"]
[BlackElo "2046"]
[PlyCount "78"]
[EventDate "2002.06.15"]
[EventType "tourn"]
[EventRounds "5"]
[EventCountry "CAN"]
[SourceDate "2003.08.17"]

1. d4 Nf6 2. c4 e6 3. Nc3 Bb4 4. e3 b6 5. Nge2 Bb7 6. a3 Be7 7. d5 O-O 8. Ng3
exd5 9. cxd5 Bd6 10. Bc4 Re8 11. O-O Bf8 12. e4 d6 13. Bd3 c6 14. Bg5 h6 15.
Bxf6 Qxf6 16. Qa4 Rc8 17. Rae1 Nd7 18. Bb1 Nc5 19. Qd1 Ba6 20. Nge2 Bc4 21. b4
Nd7 22. f4 c5 23. Bd3 cxb4 24. axb4 a5 25. bxa5 bxa5 26. Nb5 Qb2 27. Nbd4 a4
28. Nc6 Bxd3 29. Qxd3 Nc5 30. Qc3 Qb3 31. Qxb3 Nxb3 32. Nc3 a3 33. Na2 Ra4 34.
Rf2 Nc5 35. Rfe2 Nd3 36. Rf1 f6 37. Rf3 Nb2 38. Rc3 Re8 39. Ncb4 Rb8 1/2-1/2

[Event "Spring Sectional A"]
[Site "Edmonton CAN"]
[Date "2002.06.16"]
[Round "5"]
[White "Yearwood, Roy"]
[Black "Hughey, Micah"]
[Result "1/2-1/2"]
[WhiteElo "2177"]
[BlackElo "2136"]
[PlyCount "126"]
[EventDate "2002.06.15"]
[EventType "tourn"]
[EventRounds "5"]
[EventCountry "CAN"]
[SourceDate "2003.08.17"]

1. d4 d5 2. Nf3 c5 3. dxc5 e6 4. e4 Bxc5 5. exd5 Nf6 6. Bb5+ Bd7 7. Bxd7+ Nbxd7
8. dxe6 fxe6 9. Qe2 Qe7 10. Nc3 O-O 11. O-O e5 12. Bg5 e4 13. Rae1 Rae8 14.
Qc4+ Qf7 15. Qxf7+ Rxf7 16. Nd2 Rfe7 17. Nc4 a6 18. Rd1 Re6 19. Nd5 b5 20. Nce3
Bd6 21. Bf4 Ne5 22. Nxf6+ Rxf6 23. Bg3 h5 24. Rd4 Nf7 25. Bxd6 Nxd6 26. Rfd1
Nf5 27. Rd8 Rxd8 28. Rxd8+ Kf7 29. Nxf5 Rxf5 30. Kf1 Rc5 31. Rd2 Ke6 32. Ke2 b4
33. Ke3 Kf5 34. Kd4 Ra5 35. Kc4 Rxa2 36. Kb3 Ra1 37. Kxb4 Rh1 38. c4 Rxh2 39.
c5 Rxg2 40. c6 e3 41. Rd8 e2 42. Re8 Rxf2 43. Kb3 Rf1 44. Rxe2 Rc1 45. Rf2+ Ke6
46. Rg2 Kf6 47. Rf2+ Ke6 48. Rg2 Rxc6 49. Rxg7 Kf5 50. Rh7 Kg4 51. Rg7+ Kh3 52.
Ka4 h4 53. b4 Kh2 54. Ka5 h3 55. Rg8 Kh1 56. Rg3 h2 57. Rg8 Rc2 58. Kxa6 Rg2
59. Rh8 Kg1 60. b5 Ra2+ 61. Kb7 h1=Q+ 62. Rxh1+ Kxh1 63. b6 Kg2 1/2-1/2

[Event "Spring Sectional B"]
[Site "Edmonton CAN"]
[Date "2002.06.15"]
[Round "1"]
[White "Day, Jonathan"]
[Black "Pivovarov, Juraj"]
[Result "1/2-1/2"]
[WhiteElo "1778"]
[BlackElo "1823"]
[PlyCount "95"]
[EventDate "2002.06.15"]
[EventType "tourn"]
[EventRounds "5"]
[EventCountry "CAN"]
[SourceDate "2003.08.17"]

1. d4 Nf6 2. Bg5 e6 3. e4 Be7 4. Nd2 b6 5. Bd3 Bb7 6. Qe2 d6 7. c4 c5 8. dxc5
dxc5 9. Rd1 e5 10. Ngf3 Nc6 11. O-O Nd7 12. Bxe7 Qxe7 13. Rfe1 g5 14. g3 h5 15.
h3 O-O-O 16. a3 a5 17. Rc1 Nf8 18. Kh2 h4 19. g4 Ne6 20. Qe3 Kb8 21. Nb3 Bc8
22. Bc2 f6 23. Red1 Nf4 24. Rd5 Nxd5 25. exd5 Qd6 26. Kg2 Ne7 27. Nbd2 Rde8 28.
Ne4 Qd7 29. b4 f5 30. Nxe5 Qd8 31. d6 Bb7 32. dxe7 Qxe7 33. Ng6 Bxe4+ 34. Bxe4
Qxe4+ 35. Qxe4 fxe4 36. bxa5 bxa5 37. Rb1+ Kc7 38. Nxh8 Rxh8 39. Rb5 Kc6 40.
Rxa5 Kb6 41. Rb5+ Kc6 42. Rb3 Ra8 43. Kf1 Kd6 44. Ke2 Ra4 45. Rc3 Ke5 46. Ke3
Ra6 47. Rb3 Ra4 48. Rc3 1/2-1/2

[Event "Spring Sectional B"]
[Site "Edmonton CAN"]
[Date "2002.06.15"]
[Round "1"]
[White "Kazakevich, Anastasia"]
[Black "Hamblin, Jim"]
[Result "1/2-1/2"]
[WhiteElo "1825"]
[BlackElo "1731"]
[PlyCount "58"]
[EventDate "2002.06.15"]
[EventType "tourn"]
[EventRounds "5"]
[EventCountry "CAN"]
[SourceDate "2003.08.17"]

1. d4 d5 2. c4 dxc4 3. Nc3 Nf6 4. e3 e6 5. Bxc4 c5 6. Nf3 a6 7. a4 Nc6 8. O-O
Be7 9. dxc5 Qxd1 10. Rxd1 Bxc5 11. b3 Na5 12. Ne5 Nxc4 13. Nxc4 O-O 14. Ba3
Bxa3 15. Rxa3 Bd7 16. Nb6 Rad8 17. Ra2 Bc6 18. Rad2 Rxd2 19. Rxd2 Ne4 20. Nxe4
Bxe4 21. f3 Bc6 22. Kf2 f6 23. Nd7 Rc8 24. Nb6 Re8 25. Ke2 Kf7 26. Rd3 Ke7 27.
Kd2 Rd8 28. Kc3 Rxd3+ 29. Kxd3 Kd6 1/2-1/2

[Event "Spring Sectional B"]
[Site "Edmonton CAN"]
[Date "2002.06.15"]
[Round "1"]
[White "Stark, Mark"]
[Black "Wihnon, Jason"]
[Result "0-1"]
[WhiteElo "1773"]
[BlackElo "1652"]
[PlyCount "58"]
[EventDate "2002.06.15"]
[EventType "tourn"]
[EventRounds "5"]
[EventCountry "CAN"]
[SourceDate "2003.08.17"]

1. d4 Nf6 2. c4 g6 3. g3 Bg7 4. Bg2 c5 5. Nf3 O-O 6. O-O cxd4 7. Nxd4 Nc6 8.
Nc2 Qc7 9. Nc3 Ne5 10. b3 d5 11. Nxd5 Nxd5 12. cxd5 Qc3 13. Rb1 Bf5 14. e4 Bd7
15. Bb2 Qc7 16. Ne3 Bb5 17. Re1 Rac8 18. f4 Nd3 19. Bxg7 Kxg7 20. Rf1 Qc3 21.
Rf3 Qd4 22. e5 Rc3 23. Bf1 Rfc8 24. Bxd3 Bxd3 25. Kg2 Qe4 26. Rb2 Rc1 27. Qd2
Rg1+ 28. Kf2 Rcc1 29. Nf5+ gxf5 0-1

[Event "Spring Sectional B"]
[Site "Edmonton CAN"]
[Date "2002.06.15"]
[Round "2"]
[White "Hamblin, Jim"]
[Black "Wihnon, Jason"]
[Result "0-1"]
[WhiteElo "1731"]
[BlackElo "1652"]
[PlyCount "92"]
[EventDate "2002.06.15"]
[EventType "tourn"]
[EventRounds "5"]
[EventCountry "CAN"]
[SourceDate "2003.08.17"]

1. e4 d5 2. exd5 Qxd5 3. Nc3 Qa5 4. d4 Nf6 5. Nf3 Bg4 6. Bd2 c6 7. Be2 e6 8.
Ne4 Qd8 9. Nxf6+ gxf6 10. Be3 Qd5 11. Qd3 Nd7 12. Qb3 Qa5+ 13. Bd2 Qc7 14.
O-O-O O-O-O 15. Qa4 Kb8 16. Be3 Nb6 17. Qb3 Nd5 18. Bd2 Nf4 19. Ba6 Bxf3 20.
Qxf3 Bd6 21. Bc4 f5 22. Kb1 Nd5 23. Bd3 Qb6 24. c4 Ba3 25. b3 Nb4 26. c5 Qa5
27. Qf4+ Ka8 28. Bc4 Rd7 29. Bc3 Rhd8 30. Rd2 a6 31. Rhd1 Rg8 32. g3 Qd8 33.
Qh6 a5 34. Qxh7 Rh8 35. Qg7 f6 36. Qg6 Qf8 37. Bxe6 Rg7 38. Qxf5 Rg5 39. Qf3
Rxh2 40. Rh1 Qh6 41. Rxh2 Qxh2 42. Bb2 Rxg3 43. Qe2 Rg1+ 44. Rd1 Qh7+ 45. Kc1
Nd3+ 46. Kd2 Rxd1+ 0-1

[Event "Spring Sectional B"]
[Site "Edmonton CAN"]
[Date "2002.06.15"]
[Round "2"]
[White "Kazakevich, Anastasia"]
[Black "Day, Jonathan"]
[Result "1/2-1/2"]
[WhiteElo "1825"]
[BlackElo "1778"]
[PlyCount "80"]
[EventDate "2002.06.15"]
[EventType "tourn"]
[EventRounds "5"]
[EventCountry "CAN"]
[SourceDate "2003.08.17"]

1. d4 e6 2. c4 Nf6 3. Nc3 Bb4 4. Bd2 a6 5. e3 O-O 6. Nge2 d5 7. a3 Ba5 8. b4
Bb6 9. c5 Ba7 10. Nf4 c6 11. Bd3 Nbd7 12. O-O Bb8 13. Nce2 Qc7 14. Ng3 g6 15.
h4 e5 16. dxe5 Nxe5 17. Bc3 Re8 18. Qc2 Nxd3 19. Qxd3 Qe7 20. Qd4 Be5 21. Qxe5
Qxe5 22. Bxe5 Rxe5 23. Rad1 Ne4 24. Nxe4 Rxe4 25. Rd4 Bf5 26. Rfd1 Rae8 27. Kf1
Kg7 28. Rxe4 Rxe4 29. Rd4 f6 30. Rxe4 dxe4 31. Ne2 Be6 32. Nd4 Kf7 33. Ke2 f5
34. Kd2 Bd5 35. Kc3 Kf6 36. Ne2 Ke5 37. Nf4 Bf7 38. g3 Bd5 39. Nh3 h6 40. Nf4
Bf7 1/2-1/2

[Event "Spring Sectional B"]
[Site "Edmonton CAN"]
[Date "2002.06.15"]
[Round "2"]
[White "Pivovarov, Juraj"]
[Black "Stark, Mark"]
[Result "0-1"]
[WhiteElo "1823"]
[BlackElo "1773"]
[PlyCount "94"]
[EventDate "2002.06.15"]
[EventType "tourn"]
[EventRounds "5"]
[EventCountry "CAN"]
[SourceDate "2003.08.17"]

1. c4 e5 2. g3 f5 3. d4 d6 4. dxe5 Nc6 5. exd6 Bxd6 6. Bg2 Nf6 7. Nf3 O-O 8.
O-O f4 9. Bxf4 Bxf4 10. Qxd8 Rxd8 11. gxf4 Bg4 12. h3 Bxf3 13. Bxf3 Nd4 14. Nc3
Nxf3+ 15. exf3 Nh5 16. Nd5 Rd7 17. Rad1 Rad8 18. Ne7+ Kf7 19. Rxd7 Rxd7 20. Nd5
c6 21. Ne3 Nxf4 22. Rd1 Rxd1+ 23. Nxd1 Nxh3+ 24. Kg2 Nf4+ 25. Kg3 g5 26. b3 h5
27. Nc3 h4+ 28. Kh2 Nd3 29. Ne4 Kg6 30. Nd6 Ne1 31. Nxb7 Nxf3+ 32. Kg2 g4 33.
Nd8 Nd4 34. Nb7 Kg5 35. Nc5 h3+ 36. Kf1 Kf4 37. Nd3+ Ke4 38. Ne1 Nf3 39. Nc2
Kf4 40. Nb4 g3 41. Nd3+ Kg4 42. fxg3 Kxg3 43. c5 h2 44. Nf2 Ng5 45. Ke2 Kg2 46.
b4 Ne4 47. Nh1 Ng3+ 0-1

[Event "Spring Sectional B"]
[Site "Edmonton CAN"]
[Date "2002.06.15"]
[Round "3"]
[White "Day, Jonathan"]
[Black "Hamblin, Jim"]
[Result "1/2-1/2"]
[WhiteElo "1778"]
[BlackElo "1731"]
[PlyCount "123"]
[EventDate "2002.06.15"]
[EventType "tourn"]
[EventRounds "5"]
[EventCountry "CAN"]
[SourceDate "2003.08.17"]

1. d4 d5 2. Nf3 Nf6 3. Bg5 e6 4. e3 Nbd7 5. Nbd2 Be7 6. Bd3 c5 7. c3 O-O 8. O-O
b6 9. Re1 Bb7 10. Qb1 Re8 11. Ne5 g6 12. f3 Qc7 13. Bf4 Bd6 14. Bb5 a6 15. Nxd7
Nxd7 16. Bxd6 Qxd6 17. Bxd7 Qxd7 18. f4 cxd4 19. exd4 Qc7 20. g3 Re7 21. Nf3
Rae8 22. Re3 b5 23. Qd3 Qc4 24. Ne5 Qxd3 25. Nxd3 Rc8 26. Rae1 Rec7 27. a3 a5
28. Nc5 Rb8 29. b4 axb4 30. cxb4 Ra8 31. Rc3 Rac8 32. Rce3 Bc6 33. g4 Re8 34.
f5 Rce7 35. fxe6 fxe6 36. Rxe6 Rxe6 37. Rxe6 Rxe6 38. Nxe6 Bd7 39. Nf4 Bxg4 40.
Nxd5 Kf7 41. Kf2 Bd7 42. Ke3 Ke6 43. Nf4+ Kd6 44. h4 Bf5 45. Nd3 Bxd3 46. Kxd3
Kd5 47. Kc3 h6 48. Kb3 Kxd4 49. a4 Kd5 50. a5 Kc6 51. Kc3 g5 52. h5 Kd7 53. Kd4
Kd6 54. Ke4 Kc7 55. Kd5 Kb7 56. Kc5 Ka6 57. Kd5 Kb7 58. Kc5 Ka6 59. Kd5 Kb7 60.
Ke5 Kc6 61. Kf5 Kd6 62. Ke4 1/2-1/2

[Event "Spring Sectional B"]
[Site "Edmonton CAN"]
[Date "2002.06.15"]
[Round "3"]
[White "Stark, Mark"]
[Black "Kazakevich, Anastasia"]
[Result "0-1"]
[WhiteElo "1773"]
[BlackElo "1825"]
[PlyCount "98"]
[EventDate "2002.06.15"]
[EventType "tourn"]
[EventRounds "5"]
[EventCountry "CAN"]
[SourceDate "2003.08.17"]

1. d4 d5 2. c4 c6 3. Nc3 e6 4. e3 Nf6 5. Qc2 Bd6 6. Nf3 O-O 7. b3 Nbd7 8. Bd3
dxc4 9. bxc4 Qe7 10. O-O e5 11. Rb1 Re8 12. e4 exd4 13. Nxd4 Nc5 14. Nf5 Bxf5
15. exf5 Nxd3 16. Qxd3 Rad8 17. Qf3 Qc7 18. h3 Be5 19. Nd1 Rd7 20. Ne3 Red8 21.
Bb2 Bxb2 22. Rxb2 Rd3 23. Rfb1 b6 24. g4 h6 25. Rb3 R3d4 26. a4 Ne4 27. R1b2
Nd2 28. Rxd2 Rxd2 29. a5 R2d3 30. axb6 axb6 31. Rb2 Rd2 32. Rxd2 Rxd2 33. g5
hxg5 34. f6 Qf4 35. Qxf4 gxf4 36. Nf5 gxf6 37. Ne7+ Kg7 38. Nxc6 Rc2 39. Nd4
Rxc4 40. Nf5+ Kg6 41. Nh4+ Kh5 42. Nf3 b5 43. Nd2 Rc1+ 44. Kg2 b4 45. Nb3 Rc3
46. Nd2 b3 47. Nb1 Rc1 48. Nd2 b2 49. Kf3 Rd1 0-1

[Event "Spring Sectional B"]
[Site "Edmonton CAN"]
[Date "2002.06.15"]
[Round "3"]
[White "Wihnon, Jason"]
[Black "Pivovarov, Juraj"]
[Result "1-0"]
[WhiteElo "1652"]
[BlackElo "1823"]
[PlyCount "47"]
[EventDate "2002.06.15"]
[EventType "tourn"]
[EventRounds "5"]
[EventCountry "CAN"]
[SourceDate "2003.08.17"]

1. e4 c5 2. Nf3 d6 3. d4 cxd4 4. Nxd4 Nf6 5. Nc3 g6 6. Be3 Bg7 7. f3 Nc6 8. Qd2
O-O 9. Bc4 Bd7 10. Bb3 Na5 11. O-O-O Nxb3+ 12. axb3 Qa5 13. h4 Rfc8 14. h5 Nxh5
15. g4 Nf6 16. Bh6 Bh8 17. Kb1 Qd8 18. Qh2 Rc5 19. Be3 Ra5 20. Nde2 Ra6 21. Nd5
Qa5 22. c3 Re8 23. Nxf6+ Bxf6 24. Qxh7+ 1-0

[Event "Spring Sectional B"]
[Site "Edmonton CAN"]
[Date "2002.06.16"]
[Round "4"]
[White "Day, Jonathan"]
[Black "Stark, Mark"]
[Result "0-1"]
[WhiteElo "1778"]
[BlackElo "1773"]
[PlyCount "54"]
[EventDate "2002.06.15"]
[EventType "tourn"]
[EventRounds "5"]
[EventCountry "CAN"]
[SourceDate "2003.08.17"]

1. d4 d5 2. c4 c6 3. Nc3 Nf6 4. g3 dxc4 5. Bg2 e6 6. a3 Nbd7 7. e4 Be7 8. Be3
O-O 9. Qc2 b5 10. Rd1 a5 11. Nge2 b4 12. Na4 Ba6 13. Nc5 Bxc5 14. dxc5 Qe7 15.
Nd4 Rac8 16. f4 Ng4 17. Bc1 Nxc5 18. Qe2 Nf6 19. Qe3 Nd3+ 20. Rxd3 cxd3 21. Nb3
c5 22. Bd2 bxa3 23. bxa3 c4 24. Nd4 c3 25. Bc1 d2+ 26. Bxd2 cxd2+ 27. Qxd2 Qxa3
0-1

[Event "Spring Sectional B"]
[Site "Edmonton CAN"]
[Date "2002.06.16"]
[Round "4"]
[White "Hamblin, Jim"]
[Black "Pivovarov, Juraj"]
[Result "0-1"]
[WhiteElo "1731"]
[BlackElo "1823"]
[PlyCount "44"]
[EventDate "2002.06.15"]
[EventType "tourn"]
[EventRounds "5"]
[EventCountry "CAN"]
[SourceDate "2003.08.17"]

1. e4 c5 2. Nc3 g6 3. g3 Bg7 4. Bg2 Nc6 5. d3 d6 6. f4 Bd7 7. Nf3 Rb8 8. O-O b5
9. a3 Qc8 10. f5 gxf5 11. exf5 Bxf5 12. Ng5 Bg6 13. Nd5 Ne5 14. Nf4 Nf6 15. Bh3
Nfg4 16. Nxg6 hxg6 17. Bxg4 Nxg4 18. Rxf7 Bd4+ 19. Kf1 Rxh2 20. Rxe7+ Kxe7 21.
Qe1+ Ne5 22. Be3 Rh1+ 0-1

[Event "Spring Sectional B"]
[Site "Edmonton CAN"]
[Date "2002.06.16"]
[Round "4"]
[White "Kazakevich, Anastasia"]
[Black "Wihnon, Jason"]
[Result "1/2-1/2"]
[WhiteElo "1825"]
[BlackElo "1652"]
[PlyCount "70"]
[EventDate "2002.06.15"]
[EventType "tourn"]
[EventRounds "5"]
[EventCountry "CAN"]
[SourceDate "2003.08.17"]

1. d4 Nf6 2. c4 g6 3. Nc3 d5 4. Nf3 Bg7 5. e3 O-O 6. cxd5 Nxd5 7. Bc4 Nxc3 8.
bxc3 c5 9. O-O Nc6 10. Ba3 Qa5 11. Bxc5 Qxc3 12. Rc1 Qa5 13. Qb3 Qc7 14. Ba3
Qd8 15. Qb2 Rb8 16. Bb5 Bd7 17. Bxc6 Bxc6 18. Ne5 Bd5 19. Rfd1 Re8 20. Nd3 b6
21. Nb4 e6 22. Nc6 Bxc6 23. Rxc6 Qd7 24. Rdc1 Rbc8 25. Qc2 Rxc6 26. Qxc6 Qd8
27. Qc7 Qd5 28. Qc6 Qd8 29. Bd6 Bf8 30. Bxf8 Kxf8 31. g3 Qb8 32. Qc7 Qxc7 33.
Rxc7 Re7 34. Rc8+ Kg7 35. Kf1 Rb7 1/2-1/2

[Event "Spring Sectional B"]
[Site "Edmonton CAN"]
[Date "2002.06.16"]
[Round "5"]
[White "Pivovarov, Juraj"]
[Black "Kazakevich, Anastasia"]
[Result "0-1"]
[WhiteElo "1823"]
[BlackElo "1825"]
[PlyCount "54"]
[EventDate "2002.06.15"]
[EventType "tourn"]
[EventRounds "5"]
[EventCountry "CAN"]
[SourceDate "2003.08.17"]

1. c4 Nf6 2. g3 c6 3. Bg2 d5 4. cxd5 cxd5 5. Nf3 Nc6 6. d3 Bg4 7. O-O e6 8.
Nbd2 Bd6 9. a3 a5 10. Re1 O-O 11. Nf1 Bxf3 12. Bxf3 Nd4 13. Bg2 Rc8 14. Ne3 Qb6
15. b4 axb4 16. Rb1 b3 17. Bb2 Nc2 18. Bxf6 Nxe1 19. Qxe1 gxf6 20. Ng4 Be5 21.
Qd2 Qd4 22. e4 Rc2 23. Qh6 f5 24. Qg5+ Bg7 25. exf5 exf5 26. Qxf5 b2 27. Qg5
Rc1+ 0-1

[Event "Spring Sectional B"]
[Site "Edmonton CAN"]
[Date "2002.06.16"]
[Round "5"]
[White "Stark, Mark"]
[Black "Hamblin, Jim"]
[Result "1/2-1/2"]
[WhiteElo "1773"]
[BlackElo "1731"]
[PlyCount "52"]
[EventDate "2002.06.15"]
[EventType "tourn"]
[EventRounds "5"]
[EventCountry "CAN"]
[SourceDate "2003.08.17"]

1. d4 d5 2. c4 dxc4 3. e4 e5 4. Nf3 Bb4+ 5. Bd2 Bxd2+ 6. Nbxd2 exd4 7. Bxc4 Ne7
8. Qb3 O-O 9. O-O Ng6 10. Rac1 Nc6 11. Qd1 Bg4 12. h3 Be6 13. Nb3 Bxc4 14. Rxc4
Qf6 15. Nc5 Nce5 16. Nxe5 Nxe5 17. Rxd4 Rad8 18. Rxd8 Rxd8 19. Qe2 b6 20. Na4
c5 21. Nc3 Nc6 22. Nd5 Qe6 23. Qc4 Nd4 24. Re1 Nc6 25. Re2 Nd4 26. Re3 h6
1/2-1/2

[Event "Spring Sectional B"]
[Site "Edmonton CAN"]
[Date "2002.06.16"]
[Round "5"]
[White "Wihnon, Jason"]
[Black "Day, Jonathan"]
[Result "1-0"]
[WhiteElo "1652"]
[BlackElo "1778"]
[PlyCount "87"]
[EventDate "2002.06.15"]
[EventType "tourn"]
[EventRounds "5"]
[EventCountry "CAN"]
[SourceDate "2003.08.17"]

1. e4 e6 2. d4 d5 3. exd5 exd5 4. Bd3 Be6 5. Nf3 Be7 6. O-O h6 7. Re1 Qd6 8.
Ne5 Nf6 9. Nd2 Nbd7 10. c3 O-O-O 11. a4 h5 12. b4 g5 13. Nf1 Rdg8 14. Qc2 Ng4
15. Nxd7 Qxd7 16. b5 h4 17. a5 Nf6 18. Ba3 g4 19. Bxe7 Qxe7 20. b6 a6 21. bxc7
g3 22. fxg3 hxg3 23. Nxg3 Qxc7 24. Bf5 Qf4 25. Rxe6 fxe6 26. Bxe6+ Kb8 27. Bxg8
Rxg8 28. Rf1 Qe3+ 29. Qf2 Ng4 30. Qxe3 Nxe3 31. Re1 Nc4 32. Ra1 Kc7 33. Nf5 Rg5
34. Nh4 Kd6 35. Nf3 Rg4 36. Kf2 Re4 37. Re1 Rxe1 38. Nxe1 Nxa5 39. Ke2 Nc4 40.
h4 Ke6 41. g4 a5 42. Nd3 b6 43. Nf4+ Kd6 44. h5 1-0

[Event "Spring Sectional C"]
[Site "Edmonton CAN"]
[Date "2002.06.15"]
[Round "1"]
[White "Chi, Jonathan"]
[Black "Dewindt, Cor"]
[Result "1-0"]
[WhiteElo "1637"]
[BlackElo "1484"]
[PlyCount "87"]
[EventDate "2002.06.15"]
[EventType "tourn"]
[EventRounds "5"]
[EventCountry "CAN"]
[SourceDate "2003.08.17"]

1. d4 d5 2. c4 c6 3. Nc3 Nf6 4. cxd5 Nxd5 5. e4 Nxc3 6. bxc3 e5 7. Bc4 exd4 8.
Qxd4 Qxd4 9. cxd4 Bb4+ 10. Bd2 Bxd2+ 11. Kxd2 b5 12. Bb3 O-O 13. Rc1 Rd8 14.
Ke3 Bb7 15. Ne2 Nd7 16. Nf4 Rac8 17. Nd3 Kf8 18. Rc3 Re8 19. f3 a5 20. a3 Re7
21. Rhc1 f6 22. d5 Nb8 23. d6 Rd7 24. Nc5 Rcd8 25. Ne6+ Ke8 26. Nc7+ Kf8 27.
Ne6+ Ke8 28. Nxd8 Rxd8 29. Rd1 Nd7 30. Be6 Rc8 31. Bxd7+ Kxd7 32. Rc5 g6 33. e5
Re8 34. f4 Re6 35. Rd4 a4 36. Kd2 f5 37. Kc3 Re8 38. Kb4 h5 39. h4 Ra8 40. Rc3
Rc8 41. Kc5 Ba8 42. e6+ Kxe6 43. Re3+ Kf7 44. d7 1-0

[Event "Spring Sectional C"]
[Site "Edmonton CAN"]
[Date "2002.06.15"]
[Round "1"]
[White "Deimert, David"]
[Black "Aggarwal, Anil"]
[Result "1-0"]
[WhiteElo "1579"]
[BlackElo "1211"]
[PlyCount "125"]
[EventDate "2002.06.15"]
[EventType "tourn"]
[EventRounds "5"]
[EventCountry "CAN"]
[SourceDate "2003.08.17"]

1. e4 e5 2. Nf3 Nc6 3. Bc4 Be7 4. d3 d6 5. Nc3 Bg4 6. h3 Bh5 7. Be3 Nf6 8. Qd2
Bxf3 9. gxf3 h6 10. O-O-O Qd7 11. f4 g6 12. fxe5 dxe5 13. Bxh6 Nd4 14. h4 Ng8
15. Bg7 Rxh4 16. Rxh4 Bxh4 17. Bxe5 Nf3 18. Qf4 Nxe5 19. Qxe5+ Qe7 20. Qg7 Nh6
21. f4 Ng4 22. Qh8+ Qf8 23. Qxh4 Ne3 24. Nd5 Nxd1 25. Nf6+ Kd8 26. Nh7+ Qe7 27.
Qxe7+ Kxe7 28. Kxd1 f6 29. e5 fxe5 30. fxe5 c6 31. Kd2 b5 32. Bb3 a5 33. a3 Rh8
34. Nf6 Rh3 35. Kc3 c5 36. Nd5+ Ke8 37. Nc7+ Ke7 38. Nxb5 g5 39. Kd2 g4 40. Bd5
g3 41. Nd6 Rh2+ 42. Kc3 g2 43. Bxg2 Rxg2 44. Ne4 Ke6 45. Nxc5+ Kd5 46. b4 axb4+
47. axb4 Kxe5 48. Kb3 Kd6 49. c4 Rg1 50. Ne4+ Kc6 51. b5+ Kb6 52. Kc3 Rc1+ 53.
Kd4 Ra1 54. Kd5 Ra8 55. Nd6 Rd8 56. c5+ Ka5 57. Kc6 Rh8 58. d4 Rh4 59. b6 Rxd4
60. b7 Rb4 61. Nc4+ Ka6 62. Nb6 Ka7 63. Kc7 1-0

[Event "Spring Sectional C"]
[Site "Edmonton CAN"]
[Date "2002.06.15"]
[Round "1"]
[White "Deimert, Elroy"]
[Black "Ventura , Jason"]
[Result "1-0"]
[WhiteElo "1548"]
[BlackElo "1705"]
[PlyCount "77"]
[EventDate "2002.06.15"]
[EventType "tourn"]
[EventRounds "5"]
[EventCountry "CAN"]
[SourceDate "2003.08.17"]

1. e4 e6 2. d4 d5 3. exd5 Qxd5 4. Nc3 Bb4 5. Nf3 Bxc3+ 6. bxc3 Nf6 7. Bd3 c5 8.
c4 Qd6 9. Ba3 b6 10. Rb1 Nbd7 11. Qe2 Bb7 12. Rb3 Rb8 13. O-O Ng4 14. d5 O-O
15. Be4 f5 16. Bd3 Rbe8 17. h3 exd5 18. Qd1 Nde5 19. Bb2 d4 20. Be2 Rf6 21. Bc1
Bxf3 22. Bxf3 Nxc4 23. g3 Na5 24. Rb1 Ree6 25. Bf4 Ne5 26. Kh1 Qd7 27. Bg2 Nac4
28. Re1 Ng6 29. Bc1 Rxe1+ 30. Qxe1 Re6 31. Qf1 Nge5 32. Bf4 Kf8 33. Ba8 Qd8 34.
Qg2 Ng6 35. Qd5 Nxf4 36. Qxd8+ Re8 37. Qg5 Rxa8 38. Qxf5+ Kg8 39. gxf4 1-0

[Event "Spring Sectional C"]
[Site "Edmonton CAN"]
[Date "2002.06.15"]
[Round "2"]
[White "Aggarwal, Anil"]
[Black "Chi, Jonathan"]
[Result "0-1"]
[WhiteElo "1211"]
[BlackElo "1637"]
[PlyCount "58"]
[EventDate "2002.06.15"]
[EventType "tourn"]
[EventRounds "5"]
[EventCountry "CAN"]
[SourceDate "2003.08.17"]

1. e4 c5 2. Nf3 d6 3. d4 cxd4 4. Nxd4 Nf6 5. Nc3 g6 6. Bc4 Bg7 7. O-O Nc6 8.
Re1 O-O 9. Be3 Bd7 10. Qf3 Ne5 11. Qe2 Nxc4 12. Qxc4 Rc8 13. Qb3 b6 14. Ndb5
Bxb5 15. Qxb5 Qc7 16. f3 Qb7 17. Qb3 Rc6 18. Nd5 Rfc8 19. c3 Kf8 20. Nxf6 Bxf6
21. Bd4 Bxd4+ 22. cxd4 Rc2 23. h3 Qc7 24. Kf1 Qc4+ 25. Qxc4 R8xc4 26. d5 Rxb2
27. Reb1 Rbc2 28. a4 Rc5 29. Rb5 Ke8 0-1

[Event "Spring Sectional C"]
[Site "Edmonton CAN"]
[Date "2002.06.15"]
[Round "2"]
[White "Deimert, Elroy"]
[Black "Deimert, David"]
[Result "1/2-1/2"]
[WhiteElo "1548"]
[BlackElo "1579"]
[PlyCount "57"]
[EventDate "2002.06.15"]
[EventType "tourn"]
[EventRounds "5"]
[EventCountry "CAN"]
[SourceDate "2003.08.17"]

1. e4 e6 2. b3 d5 3. e5 c5 4. d4 cxd4 5. Qxd4 Nc6 6. Qb2 Qc7 7. Nf3 Bb4+ 8. Bd2
Nge7 9. Bd3 Ng6 10. Bxg6 fxg6 11. O-O Bc5 12. Bf4 O-O 13. Bg3 b5 14. a3 a5 15.
Nc3 Ba6 16. Rfe1 b4 17. Ne2 bxa3 18. Qc1 Bb4 19. c3 Bc5 20. Ned4 Nxd4 21. cxd4
Bb6 22. Qxc7 Bxc7 23. Rxa3 h6 24. Rc1 Rfc8 25. Rc6 Kf7 26. h3 Bb7 27. Rc5 Bb6
28. Rxc8 Rxc8 29. Bf4 1/2-1/2

[Event "Spring Sectional C"]
[Site "Edmonton CAN"]
[Date "2002.06.15"]
[Round "2"]
[White "Ventura , Jason"]
[Black "Dewindt, Cor"]
[Result "1-0"]
[WhiteElo "1705"]
[BlackElo "1484"]
[PlyCount "43"]
[EventDate "2002.06.15"]
[EventType "tourn"]
[EventRounds "5"]
[EventCountry "CAN"]
[SourceDate "2003.08.17"]

1. e4 d5 2. e5 Bf5 3. d4 e6 4. Bd3 Bxd3 5. Qxd3 c5 6. c3 c4 7. Qg3 Nd7 8. f4
Be7 9. Qxg7 Nf8 10. Qxh8 Nh6 11. Ne2 f5 12. O-O Kd7 13. Qg7 Ng4 14. h3 Nxe5 15.
dxe5 Qe8 16. Nd4 Qh5 17. Nd2 Ng6 18. N2f3 Nh4 19. Nxh4 Qxh4 20. Be3 Rf8 21. Rf3
Kd8 22. Nxe6+ 1-0